000 00331nam a22001337a 4500
008 170925b xxu||||| |||| 00| 0 eng d
020 _a9781555426835
041 _aeng
080 _a37
100 _a46
101 _aEDU
245 _aSTUDENT SELF EVALUATION FOSTERING REFLECTIVE LEARNING
_cGREGOR.J./M
942 _2udc
_cBK
999 _c29474
_d29474